| 000 | 00796cam a2200181 i 4500 | ||
|---|---|---|---|
| 005 | 20260119092735.0 | ||
| 008 | 250721s2000 le gr 000 0 ara d | ||
| 082 | 1 | 4 |
_a327 _bح د ا |
| 100 | 1 |
_aحداد، ريمون _eمؤلف. |
|
| 245 | 1 | 2 |
_aالعلاقات الدولية : _bنظرية العلاقات الدولية, أشخاص العلاقات الدولية, نظام أم فوضى في ظل العولمة / _cتأليف الدكتور ريمون حداد ؛ تقديم الشاذلي القليبي. |
| 250 | _aالطبعة الأولى. | ||
| 264 | 3 | 1 |
_aبيروت : _bدار الحقيقة، _c2000. |
| 300 | _a656 صفحة. | ||
| 650 | 1 | 7 | _aالعلاقات الدولية. |
| 650 | 1 | 7 | _aالسياسة الخارجية. |
| 942 |
_2ddc _cBK |
||
| 999 |
_c59912 _d59912 |
||